000 00323 a2200145 4500
001 71074
040 _cAnchieta - Itaigara
100 _aGouveia, Luis Augusto
240 1 0 _aOuvindo estrelas
_lpor
245 1 0 _aOuvindo estrelas
300 _a189p.
362 0 _a2005
650 4 _aLiteratura infanto-juvenil
942 _cBK
999 _c71074
_d71074